|
|
|
|
| LEADER |
00000nab a2200000 a 4500 |
| 001 |
vtls008950241 |
| 003 |
SK-MaSNL |
| 005 |
20260304143721.0 |
| 008 |
250505c2005 xo fr|p|||||||000 b|slo |
| 015 |
|
|
|a SNBRB2007/02
|
| 035 |
|
|
|a (sysno)vtls008950241
|
| 035 |
|
|
|a urn:nbn:sk:snk-ab7d4c
|
| 035 |
|
|
|a (uuid)897e7de2-957f-4870-a8f8-3e7826d918b0
|
| 035 |
|
|
|a (urnnbn)urn:nbn:sk:snk:ar-a07lot
|
| 038 |
|
|
|a SNKBUCL
|
| 040 |
|
|
|a SNKBUCL
|b slo
|c SNKBUCL
|e AACR2
|
| 041 |
0 |
|
|a slo
|
| 044 |
|
|
|a xo
|c SK
|
| 080 |
|
|
|a 616.211-002
|2 2001
|
| 100 |
1 |
|
|a Klozar, Jan
|4 aut
|9 88642
|
| 245 |
1 |
0 |
|a Alergická nádcha v ordináci praktického lekára
|c Jan Klozar, Vít Petrů
|
| 650 |
0 |
7 |
|a alergická nádcha
|2 SNKPH
|9 29465
|
| 700 |
1 |
|
|a Petrů, Vít,
|d 1944-
|4 aut
|9 101577
|
| 773 |
0 |
|
|t Medinews
|g Roč. 3, č. 1 (2005), s. 66-68
|x 1336-3239
|
| 850 |
|
|
|a Slovenská národná knižnica
|
| 852 |
|
|
|a Slovenská národná knižnica
|
| 954 |
|
|
|a odborná, vedecká literatúra pôvodná (slovenská)
|2 lita
|
| 958 |
|
|
|a article2022
|
| 958 |
|
|
|a OND
|
| 958 |
|
|
|a MI
|
| 958 |
|
|
|a EUIPO
|
| 999 |
|
|
|c 2927159
|d 2929089
|